=LDR 00000nam 2200000 4500 =001 INLIS000000000060463 =005 20220203071436 =035 ##$$a 0010-0222000017 =007 ta =008 220203###########################0#ind## =082 ##$$a R. 351 =084 ##$$a R. 351 Kep k =245 ##$$a Keputusan Menteri Dalam Negeri Nomor 340 - 363 Tahun 2003 Tentang Pedoman Penugasan Satuan Petahanan Sipil/ Perlindungan Masyarakat Dalam Membantu Pengamanan Penyelenggaraan Pemilihan Umum Tahun 2004 =300 ##$$a 15 halaman ; $c 21 cm. =650 #4$$a Pemerintah Pusat =264 ##$$a jakarta :$b Direktorat Jenderal Kesatuan Bangsa Depertemen Dalam Negeri,$c 2003 =336 ##$$a teks$2 rdacontent =337 ##$$a lain-lain$2 rdamedia =338 ##$$a lain-lain$2 rdacarrier =990 ##$$a 05220522